000 00223nam a22000857a 4500
008 160712b xxu||||| |||| 00| 0 eng d
100 _92618
_a Tournier, P
245 _aThe Adventure of Living
260 _aN.Y
_b Harper & Row
_c1965
999 _c2273
_d2273